Karty rare w Clash Royale - Statystyki

Ogólne statystyki
  • Ten quiz został rozwiązany 28 razy
    22 od ostatniego zresetowania
  • Średni wynik to 16 z 29
Statystyki odpowiedzi
Arena Typ Odpowiedź % Poprawnych
Training Camp Spell Fireball
94%
Training Camp Troop Giant
89%
Training Camp Troop Mini Pekka
89%
Arena 1 Budynek Goblin Hut
83%
Training Camp Troop Musketeer
83%
Arena 9 Budynek Barbarian Hut
67%
Arena 1 Budynek Goblin Cage
67%
Arena 5 Troop Hog Rider
67%
Arena 4 Budynek Bomb Tower
61%
Arena 2 Troop Valkyrie
61%
Arena 4 Troop Wizard
61%
Arena 3 Troop Battle Ram
56%
Arena 4 Budynek Inferno Tower
56%
Arena 5 Spell Rocket
56%
Arena 7 Troop Three Musketeers
56%
Arena 9 Troop Dart Goblin
50%
Arena 8 Troop Ice Golem
50%
Arena 7 Troop Royal Hogs
50%
Arena 5 Troop Flying Machine
44%
Arena 10 Budynek Furnace
44%
Arena 13 Troop Heal Spirit
44%
Arena 3 Troop Mega Minion
44%
Arena 2 Budynek Tombstone
44%
Arena 8 Troop Battle Healer
39%
Arena 12 Spell Earthquake
39%
Arena 15 Budynek Elixir Collector
39%
Arena 14 Troop Elixir Golem
39%
Goblins 1 Troop Goblin Demolisher
39%
Arena 10 Troop Zappies
33%
Nie znaleziono quizów pasujących do podanych kryteriów
Rozkład punktacji
Procent ludzi z każdym wynikiem
Percentyl według liczby udzielonych odpowiedzi
Twoja historia wyników
Nie rozwiązałeś tego quizu od ostatniego zresetowania